| 000 | 00518nam a22001817a 4500 | ||
|---|---|---|---|
| 005 | 20230406134347.0 | ||
| 008 | 230406b ||||| |||| 00| 0 eng d | ||
| 040 |
_aIN-DiNC _cIN-DiNC |
||
| 041 | _dasm | ||
| 082 |
_a345.02524 _bGOD |
||
| 100 |
_aGodse, Nathuram _eauthor |
||
| 245 |
_aGandhik kiyo hatya karilu?/ _cby Nathuram Godse |
||
| 250 | _a5th ed. | ||
| 260 |
_aGuwahati: _bAssam book trust, _c2016. |
||
| 300 | _a160p. | ||
| 650 | _aMay it please your honour : statement of Nathuram Godse | ||
| 942 |
_2ddc _cBK |
||
| 999 |
_c11531 _d11531 |
||